Statistiques concernant Les pays européens les plus touchés par le tsunami de 2004

Cliquez ici pour prendre le quiz!

Statistiques générales

  • Ce quiz a été pris 1,879 fois
  • Le résultat moyen est 6 sur 8

Statistiques - réponses

Victimes Pays % Correct
95France
98%
143Royaume-Uni
93%
539Allemagne
88%
543Suède
79%
84Norvège
76%
179Finlande
68%
106Suisse
59%
86Autriche
48%

Distribution des résultats

Percentile par nombre de réponses

% des personnes avec chaque résultat

Votre développement - résultats

Vous n’avez pas pris ce quiz